Las voces de tu voz (Record no. 27811)

MARC details
000 -LEADER
campo de control de longitud fija 00460nam a2200157 i 4500
001 - NÚMERO DE CONTROL
campo de control 27811
003 - IDENTIFICADOR DE NÚMERO DE CONTROL
campo de control ES-MaACL
005 - FECHA Y HORA DE LA ÚLTIMA TRANSACCIÓN
campo de control 20230906153719.0
007 - CAMPO FIJO DE DESCRIPCIÓN FÍSICA--INFORMACIÓN GENERAL
campo de control de longitud fija t|
008 - DATOS DE LONGITUD FIJA--INFORMACIÓN GENERAL
campo de control de longitud fija 030115s1962 sp ||||1| spa d
100 1# - ENTRADA PRINCIPAL--NOMBRE DE PERSONA
Nombre de persona Babin, María Teresa.
9 (RLIN) 24417
245 14 - MENCIÓN DEL TÍTULO
Título Las voces de tu voz
Resto del título : (Poemas) /
Mención de responsabilidad, etc. María Teresa Babín.
260 ## - PUBLICACIÓN, DISTRIBUCIÓN, ETC.
Lugar de publicación, distribución, etc. Santander :
Nombre del editor, distribuidor, etc. La Isla de los Ratones,
Fecha de publicación, distribución, etc. 1962 (
Fabricante Bedia)
300 ## - DESCRIPCIÓN FÍSICA
Extensión 117 p. ;
Dimensiones 17 cm.
852 ## - LOCALIZACIÓN
Ubicación ES-MaACL
Número de control de estantería C-22657
Sublocalización o colección R.50723
Holdings
Estatus retirado Estado de pérdida Estado de daño No para préstamo Biblioteca de origen Biblioteca actual Ubicación en estantería Fecha de adquisición Fuente de adquisición Total de préstamos Signatura topográfica completa Código de barras Visto por última vez Precio de reemplazo Tipo de ítem Koha
        Biblioteca del Ateneo de Madrid Biblioteca del Ateneo de Madrid Galería 17/01/2008     C-22657 1028717 23/02/2023 23/02/2023 Libro impreso